000 00477nam a2200181Ia 4500
005 20250423095655.0
008 250422s9999 xx 000 0 und d
020 _a9781416030539
050 _aRC 685 .B58/
100 _aBlack, Henry R.
245 0 _aHypertension : a companion to Braunwald’s heart disease
260 _aPhiladelphia
260 _bElsevier Saunders
260 _c2007
300 _a615 p
650 _aHypertension. Heart - Diseases.
942 _cBK
999 _c30988
_d30988